Vida y obra del Dr. Mario Roso de Luna (1872-1931), científico, abogado y escritor / (Record no. 190530)

MARC details
000 -LEADER
campo de control de longitud fija 01552cam a22003135 4500
001 - NÚMERO DE CONTROL
campo de control 190530
003 - IDENTIFICADOR DE NÚMERO DE CONTROL
campo de control SpMaBN
005 - FECHA Y HORA DE LA ÚLTIMA TRANSACCIÓN
campo de control 20250912122411.0
008 - DATOS DE LONGITUD FIJA--INFORMACIÓN GENERAL
campo de control de longitud fija 210819s1991 sp | |||| ||spa
080 ## - NÚMERO DE LA CLASIFICACIÓN DECIMAL UNIVERSAL
Número de la Clasificación Decimal Universal 929 Roso de Luna, Mario (043.2)
080 ## - NÚMERO DE LA CLASIFICACIÓN DECIMAL UNIVERSAL
Número de la Clasificación Decimal Universal 1 Roso de Luna, Mario (043.2)
100 0# - ENTRADA PRINCIPAL--NOMBRE DE PERSONA
Nombre de persona Cortijo Parralejo, Esteban,
Fechas asociadas al nombre 1952-
9 (RLIN) 40933
245 10 - MENCIÓN DEL TÍTULO
Título Vida y obra del Dr. Mario Roso de Luna (1872-1931), científico, abogado y escritor /
Mención de responsabilidad, etc. Esteban Cortijo Parralejo.
260 ## - PUBLICACIÓN, DISTRIBUCIÓN, ETC.
Lugar de publicación, distribución, etc. Madrid :
Nombre del editor, distribuidor, etc. Editorial de la Universidad Complutense,
Fecha de publicación, distribución, etc. 1991.
300 ## - DESCRIPCIÓN FÍSICA
Extensión 414 p. ;
Dimensiones 22 cm.
490 1# - MENCIÓN DE SERIE
Mención de serie Colección tesis doctorales ;
Designación de volumen o secuencia 302/91
502 ## - NOTA DE TESIS
Nota de tesis Tesis-Univ. Complutense de Madrid.
504 ## - NOTA DE BIBLIOGRAFÍA, ETC.
Nota de bibliografía, etc. Bibliografía: p. 399-413.
594 ## - Nota al título y mención de responsabilidad
Nota al título y mención de responsabilidad Precede al tít.: UCM. Facultad de Filosofía y Ciencias de la Educación. Departamento de Filosofía III: Hermenéutica y Filosofía de la Historia.
600 14 - PUNTO DE ACCESO ADICIONAL DE MATERIA--NOMBRE DE PERSONA
Nombre de persona Roso de Luna, Mario,
Fechas asociadas al nombre 1872-1931
9 (RLIN) 99794
600 14 - PUNTO DE ACCESO ADICIONAL DE MATERIA--NOMBRE DE PERSONA
Nombre de persona Roso de Luna, Mario,
Fechas asociadas al nombre 1872-1931-
Subdivisión general Crítica e interpretación
9 (RLIN) 99795
710 2# - ENTRADA AGREGADA--NOMBRE DE ENTIDAD CORPORATIVA
Nombre de entidad corporativa o nombre de jurisdicción como elemento de entrada Universidad Complutense de Madrid.
Unidad subordinada Facultad de Filosofía y Ciencias de la Educación.
9 (RLIN) 7123
830 1# - PUNTO DE ACCESO ADICIONAL DE SERIE-TÍTULO UNIFORME
Título uniforme Colección tesis doctorales ;
Designación de volumen o secuencia 302/91
9 (RLIN) 193494
852 4# - LOCALIZACIÓN
Ubicación ES-MaACL
Número de control de estantería A-14738
itemnumber 197708
Sublocalización o colección R.152092
Ubicación en estantería Depósito 1
Signatura antigua Olim: N-7738
Anotaciones manuscritas Dedicatoria autógrafa del autor
Donativo/Legado Donación: Esteban Cortijo Parralejo
Encuadernación Encuadernación en . guaflex
903 ## - NOMBRE PERSONAL DE DONANTE
a Cortijo Parralejo, Esteban,
d 1952-
e Donante
9 40933
942 ## - ELEMENTOS DE ENTRADA SECUNDARIOS (KOHA)
Fuente del sistema de clasificación o colocación Clasificación decimal universal
Tipo de ítem Koha Libro impreso
Holdings
Estatus retirado Estado de pérdida Fuente del sistema de clasificación o colocación Estado de daño No para préstamo Colección Biblioteca de origen Biblioteca actual Ubicación en estantería Fecha de adquisición Fuente de adquisición Total de préstamos Signatura topográfica completa Código de barras Visto por última vez Precio de reemplazo Tipo de ítem Koha Nota pública
    Clasificación decimal universal     Libros con dedicatorias Biblioteca del Ateneo de Madrid Biblioteca del Ateneo de Madrid Depósito 1 19/08/2021 Donación   A-14738 1202653 23/02/2023 23/02/2023 Libro impreso Dedicatoria autógrafa del autor